Spanish Infinitives - E - Statistics

General Stats
  • This quiz has been taken 5 times
  • The average score is 10 of 15
Answer Stats
Hint Answer % Correct
Estar to be
100%
Estimar to estimate
100%
Explicar to explain
100%
Escuchar to listen
100%
Estudiar to study
100%
Escribir to write
100%
Enviar to send
80%
Empezar to start
80%
Entender to understand
80%
Esperar to wait/hope
80%
Evitar to avoid
20%
Elegir to choose
20%
Escogar to pick/select
20%
Exigir to demand
0%
Extrañar to miss (somone)
0%
No matching quizzes found
Score Distribution
Percent of People with Each Score
Percentile by Number Answered
Your Score History
You have not taken this quiz